Biblioteca

Religión y poder (Registro nro. 61083)

Detalles MARC
000 -LÍDER
Campo fijo de descripción fija 01047aab a2200217 i 4500
001 - NÚMERO DE CONTROL
Campo de control 768714001
003 - IDENTIFICADOR DEL NÚMERO DE CONTROL
Campo de control CO-MdFUSB
005 - FECHA Y HORA DE LA ULTIMA TRANSACCIÓN
control field 20230505172548.0
008 - ELEMENTOS DE LONGITUD FIJA -- INFORMACIÓN GENERAL
Campo fijo de descripción fija -- Información general 221025s2004 sp ||||| |||| 00| 0 spa d
040 ## - FUENTE DE CATALOGACIÓN
Idioma de catalogación spa
Agencia que realiza la transcripción CO-MdFUSB
Agencia que realiza la modificación CO-MdFUSB
041 ## - CÓDIGO DE IDIOMA
Código de idioma para texto/pista de sonido o título separado spa
100 1# - ASIENTO PRINCIPAL--NOMBRE PERSONAL
Nombre personal Sinner, Rodolf von
Término relacionador autor
245 10 - TÍTULO
Título Religión y poder
Subtitulo : por la sostenibilidad política del mundo
Mención de responsabilidad / Rodolf von Sinner
300 ## - DESCRIPCIÓN FÍSICA
Extensión Número 308, (Noviembre, 2004), Páginas 111-122
Dimensiones ; 21 cm
520 ## - NOTA DE RESUMEN, ETC.
Nota de sumario, etc. En este artículo se hablara del poder como poder político, admitiendo su necesidad y reconociendo su ambigüedad y de la potenciación de mujeres y de hombres como ciudadanos en cuanto importante aportación de las iglesias, especialmente en sociedades que han pasado por una transición de un régimen autoritario a otro democrático.
650 #7 - ASIENTO SECUNDARIO DE MATERIA - TERMINO TEMÁTICO
9 (RLIN) 385
Término temático o nombre geográfico como elemento de entrada Religión
650 #7 - ASIENTO SECUNDARIO DE MATERIA - TERMINO TEMÁTICO
9 (RLIN) 2645
Término temático o nombre geográfico como elemento de entrada Política
650 #7 - ASIENTO SECUNDARIO DE MATERIA - TERMINO TEMÁTICO
9 (RLIN) 6934
Término temático o nombre geográfico como elemento de entrada Justicia y política
773 0# - ASIENTO DE ITEM FUENTE
Título Concilium
Biblionumber 49450
Itemnumber 60407
Parte(s) relacionada(s) / Volumen., número. (mes año), páginas Número 308, (Noviembre, 2004), Páginas 111-122
Enumeración y primera página Páginas 111
942 ## - TIPO DE MATERIAL (KOHA)
Tipo de Item KOHA Artículos de Revista

No hay ítems disponibles.

Biblioteca FUSBC | Teléfono: (57+4) 349 88 10 Ext. 141| WhatsApp (+57) 3005338115 
E-mail: biblioteca@unisbc.edu.co | Calle 76 87-14 Robledo Palenque, Medellín, Colombia

Con tecnología Koha